| 000 | 00810nam a22001817a 4500 | ||
|---|---|---|---|
| 003 | OSt | ||
| 005 | 20251128134749.0 | ||
| 008 | 251128b |||||||| |||| 00| 0 eng d | ||
| 040 | _cDCL | ||
| 082 | _a၂၉၄.၃၈၂၂ | ||
| 130 |
_aတိပိဋက။ _pဝိနယပိဋက။ _tကင်္ခါဝိတရဏီ၊ _lအဋ္ဌကထာ။ |
||
| 245 | _aကင်္ခါဝိတရဏီအဋ္ဌကထာ။ | ||
| 264 |
_aရန်ကုန် ၊ _bသာသနာရေးဦးစီး၊ _c၂၀၀၂။ |
||
| 300 |
_aတ၊ ၃၉၈ စာမျက်နှာ ၊ _c၂၅ စင်တီ။ |
||
| 650 |
_aဝိနယပိဋကတ် _vအဋ္ဌကထာ။ |
||
| 650 |
_aကင်္ခါ _vအဋ္ဌကထာ။ |
||
| 942 |
_2ddc _cSHORT TERM _n0 |
||
| 999 |
_c2648 _d2648 |
||